World's Largest Cities that Were Part Of The Dutch Empire - Statistics

General Stats
  • This quiz has been taken 159 times
  • The average score is 4 of 10
Answer Stats
Rank Population (Metro) Answer % Correct
2 30,539,000 Jakarta
98%
9 20,630,000 New York
83%
105 3,812,000 Cape Town
58%
78 4,881,000 Surabaya
42%
65 5,695,000 Bandung
35%
68 5,624,000 Singapore
34%
49 7,088,000 Kuala Lumpur
28%
100 3,492,000 Medan
28%
44 7,438,000 Taipei
28%
132 3,347,000 Recife
15%
No matching quizzes found
Score Distribution
Percent of People with Each Score
Percentile by Number Answered
Your Score History
You have not taken this quiz